El Capital : (Record no. 10051)

000 -CABECERA
fixed length control field 01328nam a22002417a 4500
003 - IDENTIFICADOR DEL NÚMERO DE CONTROL
control field AR-CdUCM
008 - DATOS DE LONGITUD FIJA--INFORMACIÓN GENERAL
fixed length control field 190329b ||||| |||| 00| 0 spa d
040 ## - FUENTE DE LA CATALOGACIÓN
Agencia/entidad que catalogó originalmente la obra MUNICIPALIDAD PROVINCIAL DEL CUSCO
Entidad que transcribió la catalogación BIBLIOTECA MUNICIPAL DEL CUSCO
082 ## - NÚMERO DE LA CLASIFICACIÓN DECIMAL DEWEY
No. de Clasificación 331.22 /
Notacion interna M26 / 1894.
100 ## - ENTRADA PRINCIPAL--NOMBRE DE PERSONA
Nombre Personal Marx, Carlos
245 ## - MENCIÓN DE TÍTULO
Título El Capital :
Resto del título Critica de la economia politica /
260 ## - PUBLICACIÓN, DISTRIBUCIÓN, ETC.
Lugar de publicación, distribución, etc. Mexico :
Nombre de la editorial, distribuidor, etc. Fondo de cultura economica,
Fecha de publicación, distribución, etc. 1894.
300 ## - DESCRIPCIÓN FÍSICA
Nº de Páginas Extensión 3 tomos ;
Dimensiones 24 cm.
505 ## - NOTA DE CONTENIDO CON FORMATO
Nota de contenido formateada Contenido: t.1. v.1: Mercancía y dinero -- La transformación del dinero en capital -- La producción de la plusvalía absoluta ... v.2: el proceso de produccion del capital -- marcancia y dinero -- la transformacion del dinero en capital -- la produccion de la plusvalia absoluta ... t.2. l.2: El proceso de circulacion del capital. t.3.v.1: Produccion capitalista en su conjunto -- transformacion de la plusvalia -- ganancia media -- tendencia decreciente -- capital mercancias -- ganancia en interes -- t.3. v.2: desenvolvimiento de la ganancia -- ganancia extraordinaria -- las rentas y sus fuentes
650 ## - PUNTO DE ACCESO ADICIONAL DE MATERIA--TÉRMINO DE MATERIA
Descriptor Capital
9 (RLIN) 5056
650 ## - PUNTO DE ACCESO ADICIONAL DE MATERIA--TÉRMINO DE MATERIA
Descriptor Economia
9 (RLIN) 382
650 ## - PUNTO DE ACCESO ADICIONAL DE MATERIA--TÉRMINO DE MATERIA
Descriptor Produccion
9 (RLIN) 1785
700 ## - PUNTO DE ACCESO ADICIONAL--NOMBRE DE PERSONA
Nombre Personal Roces, Wenceslao (traductor)
9 (RLIN) 3529
942 ## - ELEMENTOS DE PUNTO DE ACCESO ADICIONAL (KOHA)
Fuente de clasificación
Tipo de item Libros-BMC
945 ## - PROCESAMIENTO DE INFORMACIÓN LOCAL (OCLC)
Catalogador pjha
Holdings
Estado de retiro (separado) Fuente de clasificación o esquema de estanterías Estado dañado Ubicación Sala donde se ubica Nombre de la colección Fecha de adquisición o compra Costo, precio normal en soles Signatura topográfica Código de Barras Última vez visto (Koha) Tipo de ítem (Koha)
No     Sala Cusco Antiguo Sala Cusco Antiguo Book Cart 2019-03-29 50.00 331.22 / M26 / t.1 / v.2 / 1946 SCA0000581 2019-03-29 Libros-BMC
No     Sala Cusco Antiguo Sala Cusco Antiguo Book Cart 2019-03-29 50.00 331.22 / M26 / t.3 / v.2 / 1947 SCA0000582 2019-03-29 Libros-BMC
No     Sala Cusco Antiguo Sala Cusco Antiguo Book Cart 2019-03-29 50.00 331.22 / M26 / t.3 / v.1 / 1947 SCA0000583 2019-03-29 Libros-BMC
No     Sala Cusco Antiguo Sala Cusco Antiguo Book Cart 2019-03-29 50.00 331.22 / M26 / t.1 / v.1 / 1946 SCA0001117 2019-04-03 Libros-BMC
No     Sala Cusco Antiguo Sala Cusco Antiguo Book Cart 2019-04-05 50.00 331.22 / M26 / t.2 / 1946 SCA0001701 2019-04-05 Libros-BMC

Powered by Koha